2026 FIFA World Cup Captains - Statistics

General Stats
  • This quiz has been taken 23 times
  • The average score is 26 of 48
Answer Stats
Hint Answer % Correct
Argentina Lionel Messi
100%
Portugal Cristiano Ronaldo
95%
England Harry Kane
95%
France Kylian Mbappé
95%
Croatia Luka Modrić
95%
South Korea Son Heung-min
95%
Canada Alphonso Davies
90%
Egypt Mohamed Salah
90%
Netherlands Virgil van Dijk
90%
Bosnia and Herzegovina Edin Džeko
85%
Switzerland Granit Xhaka
85%
Germany Joshua Kimmich
85%
Algeria Riyad Mahrez
85%
Spain Rodri
85%
Austria David Alaba
80%
Norway Martin Ødegaard
80%
Morocco Achraf Hakimi
75%
New Zealand Chris Wood
75%
Colombia James Rodríguez
75%
Senegal Kalidou Koulibaly
75%
Ecuador Enner Valencia
70%
Turkey Hakan Çalhanoğlu
70%
Brazil Marquinhos
70%
Belgium Youri Tielemans
60%
Scotland Andy Robertson
55%
Saudi Arabia Salem Al-Dawsari
50%
Ghana Jordan Ayew
45%
United States Tim Ream
45%
Japan Wataru Endo
45%
Mexico Edson Álvarez
40%
Uruguay José María Giménez
40%
Ivory Coast Franck Kessié
35%
Australia Mathew Ryan
35%
Sweden Victor Lindelöf
35%
Paraguay Gustavo Gómez
25%
Curaçao Leandro Bacuna
25%
DR Congo Chancel Mbemba
20%
Uzbekistan Eldor Shomurodov
20%
Czech Republic Ladislav Krejčí
20%
South Africa Ronwen Williams
20%
Tunisia Ellyes Skhiri
10%
Cape Verde Ryan Mendes
10%
Panama Aníbal Godoy
5%
Jordan Ihsan Haddad
5%
Iran Ehsan Hajsafi
5%
Qatar Hassan Al-Haydos
5%
Haiti Johny Placide
5%
Iraq Jalal Hassan
0%
No matching quizzes found
Score Distribution
Percent of People with Each Score
Percentile by Number Answered
Your Score History
You have not taken this quiz